MDQL
is popping MORE tags! Check the
thread
!
Quizzes
Events
Quiz Creation
Community
Videos
Private Events
Remove Ads
Sign In
Join for FREE
Feedback
Dark Mode
Quiz Categories
Sports
Geography
Music
Movies
Television
Just For Fun
Miscellaneous
History
Literature
Language
Science
Gaming
Entertainment
Religion
Holiday
For Kids
Quiz Lab
Recent
Popular Today
Quiz Kudos Today
Editor Picks
Curator Picks
Quizzes by...
Day
Popularity
Type
Ratings
Length
Year
Community
Subscriptions
Recent Discussions
Orange Saloon
Badges
Playlists
Quests
Create
Leaderboards
Showdown
Live 5
Trivia Bingo
Activity
Puzzle Library
Sporcle Events
Private Events
Virtual Trivia
Globe League
Become a Host
Pub Owners
SporcleCon
Opinionation
Our Games
Videos
Blog
Mobile Apps
Partnerships
Remove Ads and Go Orange
Feedback
Entertainment
Celebrity
Famous
Musical
Broadway
Show
Quote
Comic Books
Anime
Superhero
DC Comics
Marvel
Cartoons
Animation
Entertainment
Celebrity
Famous
Musical
Broadway
Show
Quote
Comic Books
Anime
Superhero
DC Comics
Marvel
Cartoons
Animation
Random Quiz
Search Sporcle
×
Quiz Lab
Quiz Lab
Entertainment
Box Office
Type in answers that appear in a list
Type in answers that appear in a list
Classic
Best Score? Go Orange.
Hollywood's Top 40 Stats
Can you name the Top 40 grossing people of Hollywood in 2010?
By
i_eat_cheese
6m
40 Questions
170 Plays
170 Plays
170 Plays
Comments
Comments
Give Quiz Kudos
Give Quiz Kudos
-
- Ratings
hide this ad
More Info
Replay
Link that replays current quiz
Next Quiz
Link to next quiz in quiz playlist
You Got
0%
They Got
Avg Score
23%
Avg Friend Score
Upgrade to see
Score Distribution
Jump to the score distribution portion of the page
Score
0/40
Timer
06:00
0
Plays Today
Profession
Person
% Correct
Director/
Producer
Steven Spielberg
82.9%
Director
James Cameron
72.4%
Actress
Angelina Jolie
64.1%
Actor/
Producer
Will Smith
59.4%
Actor/
Producer/
Writer
Tom Cruise
58.2%
Actor
Johnny Depp
51.8%
Actor
Leonardo DiCaprio
51.2%
Actress
Jennifer Aniston
36.5%
Actress
Sandra Bullock
32.4%
Actor/
Producer/
Writer
Adam Sandler
31.8%
Writer/
Director/
Producer
Christopher Nolan
27.6%
Actor/
Producer
Ben Stiller
27.1%
Actor
Robert Downey Jr.
26.5%
Actress
Reese Witherspoon
26.5%
Director/
Producer
Martin Scorsese
25.3%
Producer;Director/
Producer*
Brian Grazer/Ron Howard
24.7%
Actor
Owen Wilson
21.2%
Actress
Kristen Stewart
20.6%
Actor
Robert Pattinson
20.6%
Actor
Eddie Murphy
17.6%
Profession
Person
% Correct
Actor
Taylor Lautner
15.3%
Actor
Vince Vaughn
14.1%
Actor
Shia LaBeouf
13.5%
Actor/
Producer
Steve Carell
12.4%
Director
Tim Burton
11.8%
Actor
Nicholas Cage
11.8%
Actor
Hugh Jackman
11.8%
Producer
Jerry Bruckheimer
11.2%
Writer/
Director/
Producer
Tyler Perry
11.2%
Actress/
Producer
Katherine Heigl
7.6%
Actor
Daniel Craig
6.5%
Actor/
Producer
Vin Diesel
4.7%
Director
Guy Ritchie
3.5%
Writer/
Director/
Producer
Todd Phillips
2.9%
Producer;Writer/
Director/
Producer*
Jason Blum/Oren Peli
2.4%
Director/
Producer
John Favreau
2.4%
Producer
Joel Silver
2.4%
Producer
Joe Roth
1.8%
Producer
Christopher Meledandri
1.2%
Director/
Producer
Shawn Levy
1.2%
Quiz Playlist
Details
Report
Send in Message
Add To Playlist
More Info:
Answers marked * means that there are two answers acceptable
Classic:
Type in answers that appear in a list
Quiz Source
Last Updated: Feb 16, 2017
Quiz Scoreboard
CHALLENGE
Sign Up to Join the Scoreboard
Show All
Scores
Hide
Comments
May contain spoilers
Recently Published
5x2 Blitz: Bands
by SL_Kpop136
Music
30s
Colored Red Africa Blitz
by spor1
Geography
30s
Find the 'City' Movie
by crazypaving
Movies
60s
More to Explore
Quiz From the Vault
Featured Blog Post
14 Easter Pick-up Lines to Find Eggs With
hide this ad
You Might Also Like...
Tags
Box Office Quiz
2010
Hollywood
income
million
Person
profession
Top 40
Today's Top Quizzes in Entertainment
Browse Entertainment
hide this ad
Today's Top Quizzes in Box Office
Browse Box Office
Top Contributed Quizzes in Entertainment
1
Dragon Ball Z: Goku's Fights in Order
2
Marvel Classic Character Map
3
Marvel Characters Bunker
4
JoJo's Bizarre Logic Quiz
5
This is Your Life: Edward Elric
6
BOYS PLANET Quiz
7
Celebrity Spelling Bee
8
This is Your Life: Itachi Uchiha
9
One Piece Heroines Chapter Cover
10
Survivor Winners Logic Quiz
Explore More
Trending Topics
Kpop
Anime
NBA
Disney
Crossword
Harry Potter
Marvel
WWE
NFL
Pokémon
Puzzle
The Office
Soccer
Song
Country
hide this ad
More By:
i_eat_cheese
Quiz
Plays
Rating
Category
Featured
Created
CollegeHumor's Top 100 Best Comedies
183
2.50
Entertainment
Mar 11, 2011
Hollywood's Top 40
170
Entertainment
Feb 23, 2011
Go to Creator's Profile
Score Distribution
Quiz Creator Spotlight
i_eat_cheese
Follow
Send a Message
Quizzes Created
-
Created Quiz Play Count
-
More By This Creator
Popular Quizzes Today
1
Colored Red Africa Blitz
2
Find the 'City' Movie
3
Find the US States - No Outlines Minefield
4
5x2 Blitz: Bands
5
The Countries of the World
6
Find the US States
7
US States
8
Find the Countries of Europe - No Outlines Minefield
More Entertainment Quizzes
Click the Guardian of the Galaxy
Curator's Pick
Trending Quizzes
Colored Red Europe Blitz I
Colored Red Africa Blitz II
Colored Red Europe Blitz II
Colored Red Europe Blitz III
Colored Red Africa Blitz III
Recently Updated
How Do You Spell That?
pecheneg
Godzilla Movies
pecheneg
Grab Bag: 4-10 Letters
pecheneg
2024 March Madness Bracket
pecheneg
Famous TV Couples
Peacemaker
Champions League XIs: Real Madrid
pecheneg
Largest US Cities 1790-2010
pecheneg
Rides in Walt Disney World
pecheneg
Most Oscar Losses (Acting)
pecheneg
Beyoncé Albums
pecheneg
Trending Topics
Disney
Anime
NBA
Marvel
Harry Potter
Kpop
Crossword
Country
Pokémon
Puzzle
WWE
Soccer
NFL
Song
The Office
Your Account Isn't Verified!
In order to create a playlist on Sporcle, you need to verify the email address you used during registration. Go to your
Sporcle Settings
to finish the process.
Report this User
Report this user for behavior that violates our
Community Guidelines
.
Details:
Send Report
Go to the Sporcle.com Mobile Site →
Comments